00405nam a2200133 4500008004100000020001500041050002200056100001800078245003600096260003800132300003300170500005100203650001700254171108b xxu||||| |||| 00| 0 eng d a8176221457 aSF 207 .C66 2008  aCooper, M. M. aBeef production /cM. M. Cooper aNew Delhi :bBiotech Books,c2008 axiv, 229p. :bill. ;c21 cm. aIncludes bibliographical references and index. aBeef cattle.